| 000 | 00722nam a22002057a 4500 | ||
|---|---|---|---|
| 999 |
_c15122 _d15122 |
||
| 003 | OSt | ||
| 082 | _2631.75807 ARC/PR | ||
| 088 | _aP 329 | ||
| 100 |
_aARCHANA K _93574 |
||
| 245 | _aPreparation of topographic map using total station and GNSS | ||
| 260 |
_aTavanur 2016 _bDepartment of Land and Water Resources & Conservation Engineering |
||
| 300 | _a70 | ||
| 500 | _aPreparation of topographic map using total station and GNSS | ||
| 520 | _aPreparation of topographic map using total station and GNSS | ||
| 700 |
_aMurshida Nusrath P _93575 |
||
| 700 |
_aSreeja K _93576 |
||
| 700 |
_aDr. Sathian K. K (Guide) _93449 |
||
| 856 | _uhttps://drive.google.com/open?id=1PsIUpHQI93hG5GGwP1Q5uFQbicazFM1m | ||
| 942 | _cPR | ||